Kisebb műveiből.
Elmentve itt :
| Szerző: | |
|---|---|
| Adatforrás: | Philobibl |
| Dokumentumtípus: | Könyv |
| Nyelv: | magyar |
| Megjelent: |
Bp.
Franklin.
1909
|
| Sorozat: | Olcsó Könyvtár. 1516-1518. sz.
|
| LEADER | 00436nam a2200145 c 4500 | ||
|---|---|---|---|
| 001 | bibDOK00022739 | ||
| 005 | 20200924121658.9 | ||
| 008 | 060518s1909 hu hun | ||
| 100 | 1 | |a Rousseau, Jean Jacques | |
| 245 | 1 | 0 | |a Kisebb műveiből. |c Rousseau, Jean Jacques |
| 260 | |a Bp. |b Franklin. |c 1909 | ||
| 300 | |a 117 p. p. | ||
| 490 | 1 | |a Olcsó Könyvtár. 1516-1518. sz. | |
| 500 | |a Ford. Bogdánfy Ödön. | ||
| 830 | 0 | |a Olcsó Könyvtár. 1516-1518. sz. | |